Bancks & Co.'s plan of Manchester & Salford, with their environs (Record no. 114184)

MARC details
000 -LEADER
fixed length control field 00655cam a22001815a 4500
001 - CONTROL NUMBER
control field L156327
008 - FIXED-LENGTH DATA ELEMENTS--GENERAL INFORMATION
fixed length control field 120514s1832 xxk f 000 0 eng d
035 ## - SYSTEM CONTROL NUMBER
System control number (Sirsi) u156327
041 0# - LANGUAGE CODE
Language code of text/sound track or separate title eng
110 2# - MAIN ENTRY--CORPORATE NAME
Corporate name or jurisdiction name as entry element Bancks & Co.
9 (RLIN) 6069
245 00 - TITLE STATEMENT
Title Bancks & Co.'s plan of Manchester & Salford, with their environs
Remainder of title shewing the division of property and the length of each street
Statement of responsibility, etc. from an actual survey by Richard Thornton,...the survey completed in the year 1831
260 ## - PUBLICATION, DISTRIBUTION, ETC.
Place of publication, distribution, etc. Manchester
Name of publisher, distributor, etc. Bancks and Co.
Date of publication, distribution, etc. 1832
300 ## - PHYSICAL DESCRIPTION
Extent 1 map
583 ## - ACTION NOTE
Action Condition reviewed
Time/date of action 20120620
Status condition level 3
651 #4 - SUBJECT ADDED ENTRY--GEOGRAPHIC NAME
Geographic name England
690 ## - LOCAL SUBJECT ADDED ENTRY--TOPICAL TERM (OCLC, RLIN)
Topical term or geographic name as entry element Geomatics
9 (RLIN) 6242
942 ## - ADDED ENTRY ELEMENTS (KOHA)
Suppress in OPAC 0
Holdings
Withdrawn status Lost status Source of classification or shelving scheme Damaged status Not for loan Home library Current library Shelving location Date acquired Total Checkouts Full call number Barcode Date last seen Copy number Price effective from Koha item type
    Dewey Decimal Classification     Historic collection Historic collection Historic collection 14/05/2012   MAP 1832 BANCKS 30077529 06/08/2019 1 06/08/2019 Book